UM Logo

Closer look : (Record no. 22944)

MARC details
000 -LEADER
fixed length control field 00553nam a22001457a 4500
005 - DATE AND TIME OF LATEST TRANSACTION
control field 20250206172056.0
008 - FIXED-LENGTH DATA ELEMENTS--GENERAL INFORMATION
fixed length control field 241104b |||||||| |||| 00| 0 eng d
100 ## - MAIN ENTRY--PERSONAL NAME
Personal name O'connell, Ronan.
Relator term author.
9 (RLIN) 63505
245 ## - TITLE STATEMENT
Title Closer look :
Remainder of title into a shadow realm /
Statement of responsibility, etc. Ronan O'connell.
260 ## - PUBLICATION, DISTRIBUTION, ETC. (IMPRINT)
Place of publication, distribution, etc. Washington ;
Name of publisher, distributor, etc. National Geographic Partners, LLC.,
Date of publication, distribution, etc. October 2022.
300 ## - PHYSICAL DESCRIPTION
Extent volume 241, pages 30-31,
Other physical details illustration.
500 ## - GENERAL NOTE
General note National Geographic, v. 242, n. 4, pages 30-31, September 2022.
700 ## - ADDED ENTRY--PERSONAL NAME
Personal name O'connell, Ronan.
Relator term author.
9 (RLIN) 63506
942 ## - ADDED ENTRY ELEMENTS (KOHA)
Source of classification or shelving scheme Dewey Decimal Classification
Koha item type Periodicals
Holdings
Withdrawn status Lost status Source of classification or shelving scheme Damaged status Not for loan Collection code Home library Current library Date acquired Total Checkouts Date last seen Price effective from Koha item type Public note
    Dewey Decimal Classification     Periodicals UM Digos College - LIC UM Digos College - LIC 11/04/2024   11/04/2024 11/04/2024 Periodicals Periodical Article